Súčasná filozofia emisií skleníkových plynov z hľadiska auditu

Obchodovanie s emisiami skleníkových plynov. Audit emisií skleníkových plynov. Zodpovednosť audítora vo vzťahu k emisiám skleníkových plynov. Plánovanie, resp. stratégia výkonu auditu emisií skleníkových plynov. Len systematický proces kontroly vykazovania a obchodovania s emisiami audítorom napomôž...

Descrizione completa

Salvato in:
Dettagli Bibliografici
Autore principale: Kňažková, Veronika, 1986-
Altri autori: Krišková, Petra, 1981-
Natura: Capitolo di libro
Lingua:slovacco
Soggetti:
Tags: Aggiungi Tag
Nessun Tag, puoi essere il primo ad aggiungerne!!

MARC

LEADER 00000naa$a2200000$$$4500
001 0198397
005 20240502073343.0
041 0 |a slo 
044 |a SK 
245 1 0 |a Súčasná filozofia emisií skleníkových plynov z hľadiska auditu  |c Veronika Kňažková, Petra Krišková 
520 |a Obchodovanie s emisiami skleníkových plynov. Audit emisií skleníkových plynov. Zodpovednosť audítora vo vzťahu k emisiám skleníkových plynov. Plánovanie, resp. stratégia výkonu auditu emisií skleníkových plynov. Len systematický proces kontroly vykazovania a obchodovania s emisiami audítorom napomôže zefektívniť proces eliminácie emisií skleníkových plynov. 
610 2 0 |a efekt skleníkový 
610 2 0 |a emisie 
610 2 0 |a plyn 
610 2 0 |a obchod 
610 2 0 |a audit 
100 1 |a Kňažková, Veronika, 1986- 
700 1 |a Krišková, Petra, 1981-